Most Common Spanish Words - Statistics

General Stats
  • This quiz has been taken 30,649 times
  • The average score is 30 of 100
Answer Stats
Word % Correct
a
85%
el / la
85%
o
81%
no
80%
y
78%
él
76%
si
76%
76%
la
73%
que
64%
qué
64%
se
63%
mi
61%
lo
60%
de
59%
un
59%
por
57%
yo
57%
me
56%
ella
50%
nos
50%
como
46%
dos
46%
en
46%
le
45%
ser
44%
uno
44%
con
41%
estar
41%
ir
41%
para
39%
donde
38%
su
36%
porque
34%
tener
34%
cuando
32%
hacer
31%
ver
31%
bien
30%
más
30%
día
29%
ni
29%
pero
28%
sin
27%
mucho
26%
hablar
25%
muy
25%
este
22%
haber
22%
querer
22%
menos
20%
nada
20%
poder
20%
decir
19%
hombre
19%
también
19%
saber
18%
dar
17%
eso
17%
hasta
17%
todo
17%
ya
16%
año
15%
poco
15%
desde
14%
ese
14%
grande
14%
siempre
14%
sobre
14%
nuestro
13%
poner
13%
tan
13%
tiempo
13%
ahora
12%
así
12%
entre
12%
después
11%
otro
11%
creer
10%
vez
10%
cosa
9%
entonces
9%
mismo
9%
primero
9%
vida
9%
llegar
8%
llevar
8%
tanto
8%
alguno
7%
cada
7%
deber
7%
pasar
7%
nuevo
6%
quedar
6%
dejar
5%
encontrar
5%
parecer
5%
parte
4%
seguir
4%
No matching quizzes found
Score Distribution
Percent of People with Each Score
Percentile by Number Answered
Your Score History
You have not taken this quiz